000 00642nam a2200193 a 4500
001 000025373
005 20241030114426.0
008 110215s2007 dr 000 0 spa d
040 _aDO-SdBNP
_bspa
_cBNPHU
082 _axxx
_bO96p
100 1 _aOviedo, José
_92671
245 1 0 _a1er. índice de transparencia de las entidades públicas /
_cJosé Oviedo, Ramonina Brea, Isis Duarte.
246 1 0 _aPrimer índice de transparencia de las entidades públicas
260 _aSanto Domingo :
_bParticipación Ciudadana,
_c2007.
300 _a73 p. ;
_c22 cm.
700 1 _aBrea, Ramonina
_98319
700 1 _aDuarte, Isis
_92123
049 _aBNPD
999 _c24865
_d24865